<?xml version="1.0" encoding="UTF-8"?><?xml-stylesheet type="text/xsl" href="static/style.xsl"?><OAI-PMH xmlns="http://www.openarchives.org/OAI/2.0/" xmlns:xsi="http://www.w3.org/2001/XMLSchema-instance" xsi:schemaLocation="http://www.openarchives.org/OAI/2.0/ http://www.openarchives.org/OAI/2.0/OAI-PMH.xsd"><responseDate>2026-04-27T08:17:36Z</responseDate><request verb="GetRecord" identifier="oai:uvadoc.uva.es:10324/60409" metadataPrefix="marc">https://uvadoc.uva.es/oai/request</request><GetRecord><record><header><identifier>oai:uvadoc.uva.es:10324/60409</identifier><datestamp>2023-07-19T19:01:24Z</datestamp><setSpec>com_10324_38</setSpec><setSpec>col_10324_852</setSpec></header><metadata><record xmlns="http://www.loc.gov/MARC21/slim" xmlns:doc="http://www.lyncode.com/xoai" xmlns:xsi="http://www.w3.org/2001/XMLSchema-instance" xmlns:dcterms="http://purl.org/dc/terms/" xsi:schemaLocation="http://www.loc.gov/MARC21/slim http://www.loc.gov/standards/marcxml/schema/MARC21slim.xsd">
<leader>00925njm 22002777a 4500</leader>
<datafield tag="042" ind1=" " ind2=" ">
<subfield code="a">dc</subfield>
</datafield>
<datafield tag="720" ind1=" " ind2=" ">
<subfield code="a">Crespo Gómez, Begoña</subfield>
<subfield code="e">author</subfield>
</datafield>
<datafield tag="720" ind1=" " ind2=" ">
<subfield code="a">López García, Natalia</subfield>
<subfield code="e">author</subfield>
</datafield>
<datafield tag="260" ind1=" " ind2=" ">
<subfield code="c">2023</subfield>
</datafield>
<datafield tag="520" ind1=" " ind2=" ">
<subfield code="a">La comunicación de las malas noticias no es tarea fácil, suponiendo un reto en la práctica clínica de cualquier médico. Es un tema que ha sido profundamente estudiado a lo largo de los años y, que actualmente sigue en constante evolución. Se han desarrollado múltiples protocolos y guías, pero a pesar de toda esta información ¿se lleva a cabo de forma correcta en la práctica diaria? Para poder responder a esta pregunta hemos realizado un análisis cualitativo mediante un cuestionario que fue entregado a pacientes diagnosticados de cáncer, y que consta de 12 ítems en los que se incluyen los aspectos más relevantes a la hora de comunicar malas noticias. A pesar de que el cómputo global de los resultados obtenidos ha sido favorable, hemos logrado identificar ciertos aspectos con un amplio margen de mejora. Con las conclusiones sacadas de este estudio pretendemos promover la formación del profesional sanitario en este ámbito y proporcionar los puntos clave en los que se puede optimizar esta enseñanza.</subfield>
</datafield>
<datafield tag="024" ind2=" " ind1="8">
<subfield code="a">https://uvadoc.uva.es/handle/10324/60409</subfield>
</datafield>
<datafield ind1=" " ind2=" " tag="653">
<subfield code="a">Psicología clínica</subfield>
</datafield>
<datafield tag="245" ind1="0" ind2="0">
<subfield code="a">La comunicación de las malas noticias: parte I</subfield>
</datafield>
</record></metadata></record></GetRecord></OAI-PMH>